Teambuilding

Čo je teambuilding a čím je charakteristický. Je cestou k lepšiemu výkonu práce zamestnancov?

Salvato in:
Dettagli Bibliografici
Autore principale: Petríková, Lucia
Natura: Capitolo di libro
Lingua:slovacco
Soggetti:
Tags: Aggiungi Tag
Nessun Tag, puoi essere il primo ad aggiungerne!!

MARC

LEADER 00000naa a2200000 4500
001 0210807
005 20231120135638.0
041 0 |a slo 
044 |a SK 
245 1 0 |a Teambuilding  |c Lucia Petríková 
520 |a Čo je teambuilding a čím je charakteristický. Je cestou k lepšiemu výkonu práce zamestnancov? 
610 2 0 |a tímy pracovné 
610 2 0 |a výkony pracovné 
100 1 |a Petríková, Lucia